00350pab a2200133 454500008004000000100002500040245005700065260000900122300001600131362001200147650002100159700001900180773001700199180718b2009 xxu||||| |||| 00| 0 eng d aPanday, pranab Kumar aConflict in the Chittagong hill tracts of Bangladesh c2009 ap.1052-070. aNov-Dec aEthnic conflicts aJamil, Ishtiaq aAsian Survey